[Event "Barcelona Sant Marti op-B 24th"]
[Site "Barcelona"]
[Date "2024.07.20"]
[Round "8"]
[White "Madrid Sole, Antonio"]
[Black "Uddin Khanam, Ayan"]
[Result "0-1"]
[WhiteElo "1762"]
[BlackElo "1705"]
[PlyCount "104"]
[EventDate "2024.07.13"]
[EventType "swiss"]
[EventRounds "9"]
[EventCountry "ESP"]
[SourceTitle "EXT 2025"]
[Source "ChessBase"]
[SourceDate "2024.10.14"]
[SourceVersion "1"]
[SourceVersionDate "2024.10.14"]
[SourceQuality "1"]

1. d4 Nf6 2. Nf3 c5 3. c3 e6 4. Bf4 Be7 5. e3 Nh5 6. Bg3 Nxg3 7. hxg3 d5 8. Bd3 h6 9. Ne5 Nc6 10. Nxc6 bxc6 11. Nd2 Qc7 12. Nf3 cxd4 13. exd4 c5 14. 0-0 0-0 15. Rc1 Qb6 16. Qe2 Rb8 17. b3 cxd4 18. cxd4 Ba3 19. Rcd1 Kh8 20. Ne5 Bd6 21. Bb1 Ba6 22. Qc2 g6 23. Rfe1 Bxe5 24. Rxe5 Rbc8 25. Qd2 Kg7 26. Rde1 Rc6 27. Qf4 Rfc8 28. g4 g5 29. Qd2 Qc7 30. Qb4 Rc3 31. R5e3 Rxe3 32. Rxe3 Qf4 33. Qd2 Qxg4 34. Rg3 Qe2 35. Qxe2 Bxe2 36. Bd3 Rc1+ 37. Kh2 Bxd3 38. Rxd3 Rc2 39. a4 Rxf2 40. Kg3 Rc2 41. Kf3 Kg6 42. g3 h5 43. Ke3 a5 44. b4 Ra2 45. Rb3 Rxa4 46. b5 Rc4 47. b6 Rc8 48. b7 Rb8 49. Kf3 a4 50. Ra3 Rxb7 51. Rxa4 Kf5 52. Ra1 Rb3+ 0-1

[Event "Barcelona Sant Marti op-B 24th"]
[Site "Barcelona"]
[Date "2024.07.17"]
[Round "5"]
[White "Lau, Chloe Hailey"]
[Black "Madrid Sole, Antonio"]
[Result "1/2-1/2"]
[WhiteElo "1566"]
[BlackElo "1762"]
[PlyCount "59"]
[EventDate "2024.07.13"]
[EventType "swiss"]
[EventRounds "9"]
[EventCountry "ESP"]
[SourceTitle "EXT 2025"]
[Source "ChessBase"]
[SourceDate "2024.10.14"]
[SourceVersion "1"]
[SourceVersionDate "2024.10.14"]
[SourceQuality "1"]

1. e4 d5 2. exd5 Qxd5 3. Nc3 Qd6 4. d4 Nf6 5. Nf3 c6 6. Ne5 Nbd7 7. Nc4 Qc7 8. a4 Nb6 9. Ne5 Nbd5 10. Nxd5 Nxd5 11. c4 Nf6 12. a5 a6 13. g3 Bf5 14. Bg2 e6 15. 0-0 Bd6 16. Bf4 Nd7 17. Nxd7 Qxd7 18. Bxd6 Qxd6 19. c5 Qd7 20. Qa4 Bd3 21. Rfd1 Bb5 22. Qb3 0-0 23. Bf1 Qc7 24. Bxb5 axb5 25. Qc3 Rfd8 26. b4 Rd5 27. Rd2 h6 28. Rad1 Rad8 29. Qe3 Qd7 30. f4 1/2-1/2

[Event "Barcelona Sant Marti op-B 24th"]
[Site "Barcelona"]
[Date "2024.07.16"]
[Round "4"]
[White "Madrid Sole, Antonio"]
[Black "Sales Artigas, Nil"]
[Result "1-0"]
[WhiteElo "1762"]
[BlackElo "1624"]
[PlyCount "91"]
[EventDate "2024.07.13"]
[EventType "swiss"]
[EventRounds "9"]
[EventCountry "ESP"]
[SourceTitle "EXT 2025"]
[Source "ChessBase"]
[SourceDate "2024.10.14"]
[SourceVersion "1"]
[SourceVersionDate "2024.10.14"]
[SourceQuality "1"]

1. d4 Nf6 2. Nf3 c5 3. c3 b6 4. Bf4 Bb7 5. Nbd2 d6 6. e3 g6 7. Bb5+ Nbd7 8. 0-0 Bg7 9. a4 0-0 10. h3 Qc7 11. Re1 a6 12. Bf1 e5 13. dxe5 dxe5 14. Bh2 Rfe8 15. e4 Rad8 16. Qb3 Nb8 17. Rad1 Bc6 18. Ng5 Re7 19. Bc4 Be8 20. Nf1 Rxd1 21. Qxd1 b5 22. axb5 axb5 23. Bd5 c4 24. Ne3 h6 25. Nf3 Nfd7 26. Nh4 Kh7 27. b4 Nb6 28. Qc2 Qd8 29. Nf3 Bd7 30. Rd1 Qc8 31. Bg3 Nc6 32. Kh2 Bf6 33. Qd2 Nd8 34. Bh4 Bxh4 35. Nxh4 Ne6 36. g3 Ng5 37. g4 Kg7 38. Kg2 h5 39. Nef5+ Bxf5 40. Nxf5+ gxf5 41. Qxg5+ Kf8 42. Qh6+ Kg8 43. Qxb6 fxg4 44. Qg6+ Kf8 45. Qh6+ Kg8 46. h4 1-0

[Event "Barcelona Sant Marti op-B 24th"]
[Site "Barcelona"]
[Date "2024.07.14"]
[Round "2"]
[White "Madrid Sole, Antonio"]
[Black "Rojas Fernandez, Andres"]
[Result "0-1"]
[WhiteElo "1762"]
[BlackElo "1894"]
[PlyCount "64"]
[EventDate "2024.07.13"]
[EventType "swiss"]
[EventRounds "9"]
[EventCountry "ESP"]
[SourceTitle "EXT 2025"]
[Source "ChessBase"]
[SourceDate "2024.10.14"]
[SourceVersion "1"]
[SourceVersionDate "2024.10.14"]
[SourceQuality "1"]

1. d4 d5 2. Nf3 Nf6 3. Bf4 e6 4. e3 Bd6 5. Bg3 0-0 6. Nbd2 c5 7. c3 b6 8. Ne5 Ba6 9. Bxa6 Nxa6 10. Qf3 Rc8 11. 0-0 b5 12. Qe2 Qb6 13. Bh4 Bxe5 14. dxe5 Nd7 15. Nf3 c4 16. Be7 Rfe8 17. Bd6 Nac5 18. Nd4 Ne4 19. f4 Nxd6 20. exd6 a6 21. e4 dxe4 22. Qxe4 Qxd6 23. Rad1 Nc5 24. Qf3 Nd3 25. Rd2 f6 26. Kh1 b4 27. Nc2 bxc3 28. bxc3 e5 29. fxe5 Qxe5 30. Nd4 Qe4 31. Qh3 Qe1 32. Rd1 Nf2+ 0-1

[Event "Barcelona Sant Marti op-B 24th"]
[Site "Barcelona"]
[Date "2024.07.13"]
[Round "1"]
[White "Jimenez Puig, Juan Jose"]
[Black "Madrid Sole, Antonio"]
[Result "0-1"]
[WhiteElo "1700"]
[BlackElo "1762"]
[PlyCount "96"]
[EventDate "2024.07.13"]
[EventType "swiss"]
[EventRounds "9"]
[EventCountry "ESP"]
[SourceTitle "EXT 2025"]
[Source "ChessBase"]
[SourceDate "2024.10.14"]
[SourceVersion "1"]
[SourceVersionDate "2024.10.14"]
[SourceQuality "1"]

1. e4 d5 2. exd5 Qxd5 3. Nc3 Qd6 4. d4 Nf6 5. Nf3 c6 6. h3 Bf5 7. Nh4 Bg6 8. Nxg6 hxg6 9. g3 Nbd7 10. Bg2 e6 11. 0-0 0-0-0 12. Bf4 Qb4 13. a3 Qc4 14. Ne2 Nb6 15. b3 Qa6 16. c4 Be7 17. Qc1 Rd7 18. Rd1 Rhd8 19. a4 Bb4 20. a5 Na8 21. Bf1 c5 22. Qc2 Nc7 23. d5 exd5 24. cxd5 Nfxd5 25. Be5 Qe6 26. Bxg7 Kb8 27. Bh6 Ka8 28. Nf4 Nxf4 29. Bxf4 Nd5 30. Bc4 Qxh3 31. Bf1 Qg4 32. Be2 Qh3 33. Bf1 Qh7 34. a6 Nxf4 35. Rxd7 Rxd7 36. axb7+ Kb8 37. gxf4 a5 38. Qe4 Qh8 39. Ra2 Qd8 40. Bg2 Re7 41. Qc6 Re6 42. Rd2 Bxd2 43. Qxc5 Bxf4 44. Bh3 f5 45. Kg2 Bc7 46. Kf1 Qe7 47. Qb5 Qd6 48. Kg1 Re1+ 0-1

[Event "SC-2020-0-00383"]
[Site "LSS email"]
[Date "2020.01.05"]
[Round "?"]
[White "Kalistratov, Aleksandr"]
[Black "Madrid Sole, Antonio"]
[Result "1/2-1/2"]
[WhiteElo "1959"]
[BlackElo "1829"]
[PlyCount "44"]
[EventDate "2019.09.25"]
[EventType "tourn (corr)"]
[EventRounds "6"]
[EventCountry "GER"]
[SourceTitle "Corr 2022"]
[Source "ChessBase"]
[SourceDate "2021.10.24"]
[SourceVersion "1"]
[SourceVersionDate "2021.10.24"]
[SourceQuality "1"]

1. e4 e6 2. d4 d5 3. Nc3 Nf6 4. e5 Nfd7 5. f4 c5 6. Nf3 Nc6 7. Be3 a6 8. Qd2 b5 9. a3 Bb7 10. Bd3 Qb6 11. Qf2 cxd4 12. Nxd4 Bc5 13. Nce2 b4 14. axb4 Nxb4 15. Nc1 0-0 16. c3 Nxd3+ 17. Nxd3 a5 18. 0-0 Bxd4 19. Bxd4 Qc7 20. Nc5 Rfb8 21. Rfd1 Bc8 22. Rd3 Nxc5 1/2-1/2

[Event "SC-2019-0-00382"]
[Site "LSS email"]
[Date "2019.12.06"]
[Round "?"]
[White "Madrid Sole, Antonio"]
[Black "Cleto, Dirceu Jr"]
[Result "1/2-1/2"]
[WhiteElo "1823"]
[BlackElo "1786"]
[PlyCount "88"]
[EventDate "2019.09.16"]
[EventType "tourn (corr)"]
[EventRounds "6"]
[EventCountry "GER"]
[SourceTitle "Corr 2022"]
[Source "ChessBase"]
[SourceDate "2021.10.24"]
[SourceVersion "1"]
[SourceVersionDate "2021.10.24"]
[SourceQuality "1"]

1. d4 d5 2. Nf3 Nf6 3. e3 e6 4. Bd3 c5 5. c3 b6 6. Nbd2 Bb7 7. 0-0 Nbd7 8. Qe2 Ne4 9. Ne5 Nxe5 10. dxe5 a6 11. f4 Qc7 12. a4 Nxd2 13. Bxd2 c4 14. Bc2 0-0-0 15. Be1 f5 16. Bh4 Rd7 17. b4 cxb3 18. Bd3 Bc5 19. Rfb1 Kb8 20. Rxb3 Ka7 21. Bf2 g5 22. Qb2 Rc8 23. a5 b5 24. Bxb5 axb5 25. Rxb5 Ba6 26. Rxc5 Qxc5 27. e4 d4 28. Bxd4 Rxd4 29. cxd4 Qc4 30. exf5 exf5 31. fxg5 Qd3 32. Rb1 Ka8 33. h4 Qe4 34. d5 Qxd5 35. Re1 Qd3 36. Qf2 Bb7 37. Qe2 Qb3 38. Rd1 f4 39. e6 Rc2 40. Qd3 Qa2 41. Qd8+ Rc8 42. Qd2 Qxe6 43. Qxf4 Bxg2 44. Qf6 Qe2 1/2-1/2

[Event "CP-2019-Q-00003"]
[Site "LSS email"]
[Date "2019.11.27"]
[Round "?"]
[White "Madrid Sole, Antonio"]
[Black "Tyutyunnik, Roman"]
[Result "1/2-1/2"]
[WhiteElo "1857"]
[BlackElo "2202"]
[PlyCount "68"]
[EventDate "2019.12.01"]
[EventType "tourn (corr)"]
[EventRounds "6"]
[EventCountry "GER"]
[SourceTitle "Corr 2022"]
[Source "ChessBase"]
[SourceDate "2021.10.24"]
[SourceVersion "1"]
[SourceVersionDate "2021.10.24"]
[SourceQuality "1"]

1. d4 Nf6 2. Nf3 g6 3. Nbd2 Bg7 4. e4 d6 5. Bd3 0-0 6. 0-0 Nc6 7. c3 e5 8. dxe5 Nxe5 9. Nxe5 dxe5 10. Nc4 Nh5 11. g3 Qe7 12. Re1 Rd8 13. Qc2 Bh3 14. a4 b6 15. Be2 a5 16. b3 Qe6 17. Bg5 Bf6 18. Bh6 Be7 19. Ne3 c6 20. Rad1 Rxd1 21. Rxd1 Nf6 22. Bc4 Qc8 23. Be2 Bc5 24. Bg5 Kg7 25. Nc4 Qe6 26. b4 axb4 27. cxb4 Bd4 28. Be3 c5 29. bxc5 bxc5 30. a5 Ra7 31. Bxd4 cxd4 32. Ra1 Qc6 33. Bd3 Nd7 34. Nd2 Qxc2 1/2-1/2

[Event "ZI-2019-0-02624"]
[Site "LSS email"]
[Date "2019.11.02"]
[Round "?"]
[White "Kazimierski, Tomasz"]
[Black "Madrid Sole, Antonio"]
[Result "1/2-1/2"]
[WhiteElo "1955"]
[BlackElo "1829"]
[PlyCount "72"]
[EventDate "2019.09.23"]
[EventType "match (corr)"]
[EventRounds "2"]
[EventCountry "GER"]
[SourceTitle "Corr 2022"]
[Source "ChessBase"]
[SourceDate "2021.10.24"]
[SourceVersion "1"]
[SourceVersionDate "2021.10.24"]
[SourceQuality "1"]

1. d4 Nf6 2. Bf4 e6 3. c4 Bb4+ 4. Nc3 0-0 5. e3 d5 6. Bd3 dxc4 7. Bxc4 Nd5 8. Nge2 Nxf4 9. Nxf4 Bd6 10. 0-0 Nc6 11. Nfe2 e5 12. Bb3 exd4 13. Nxd4 Nxd4 14. Qxd4 Qe7 15. Rfd1 Bf5 16. Qd5 Qe5 17. g3 Bg4 18. Rd2 Qxd5 19. Bxd5 Rab8 20. Kf1 Bh3+ 21. Bg2 Bf5 22. Ke2 Be7 23. Nd5 Bd8 24. Nf4 c6 25. Bh3 Bxh3 26. Nxh3 Bf6 27. Rad1 g6 28. f4 Rfd8 29. g4 Rxd2+ 30. Rxd2 Rd8 31. Rxd8+ Bxd8 32. e4 f6 33. Nf2 Kf7 34. Nd3 Bc7 35. h4 h6 36. Kf3 a5 1/2-1/2